Elektronická učebnica pre softvérové inžinierstvo v otázkach a odpovediach

Enregistré dans:
Détails bibliographiques
Auteur principal: Hradňanský, Martin (Auteur)
Autres auteurs: Šimko, Marián (Directeur de thèse)
Format: Manuscrit Livre
Langue:slovaque
Publié: 2018
Sujets:
Accès en ligne:http://is.stuba.sk/zp/portal_zp.pl?podrobnosti=115494
Tags: Ajouter un tag
Pas de tags, Soyez le premier à ajouter un tag!

MARC

LEADER 00000ntm a22000003a 4500
001 stuzp70242
003 SK-STU
005 20190214095900.3
007 ta
008 150427s2015----xo-----f-mn---000-0-slo-d
040 |a STU  |b slo 
041 0 |a slo 
044 |a xo 
100 1 |a Hradňanský, Martin  |u 070200  |4 aut  |U FIIT Fakulta informatiky a informačných technológií  |T FIIT Ústav informatiky, informačných systémov a softvérového inžinierstva  |X 73906  |U I200  |Y 179  |7 73906 
242 0 1 |a Software engineering in questions and answers ebook  |y eng 
245 1 0 |a Elektronická učebnica pre softvérové inžinierstvo v otázkach a odpovediach 
260 |c 2018 
300 |a 53 s., príl. 
650 4 |a celotextové vyhľadávanie  |2 slo 
650 4 |a elektronická kniha  |2 slo 
650 4 |a webová aplikácia  |2 slo 
650 4 |a Elasticsearch  |2 slo 
650 4 |a automatické dopĺňanie  |2 slo 
650 4 |a e-book  |2 eng 
650 4 |a web application  |2 eng 
650 4 |a autocomplete  |2 eng 
650 4 |a full-text search  |2 eng 
650 4 |a Elasticsearch  |2 eng 
700 1 |a Šimko, Marián  |u 070200  |k Z1  |4 ths  |U FIIT Fakulta informatiky a informačných technológií  |T FIIT Ústav informatiky, informačných systémov a softvérového inžinierstva  |X 30649  |U I200  |Y 179  |7 30649 
856 4 |u http://is.stuba.sk/zp/portal_zp.pl?podrobnosti=115494 
996 |b IZP20180043  |c I*BAP60/18  |l II680  |s P  |a 0  |w stuzp70242_0001